Luis G. Urbina : vida y obra /

Kaydedildi:
Detaylı Bibliyografya
Yazar: Sáenz, Gerardo (autor)
Materyal Türü: Kitap
Dil:İspanyolca
Baskı/Yayın Bilgisi: México : Andrea, 1961, c1961
Seri Bilgileri:(Studium ; 31)
Konular:
Etiketler: Etiketle
Etiket eklenmemiş, İlk siz ekleyin!

MARC

LEADER 00000nam^a2200000^a^4500
001 000141858
005 20250521000000.0
009 20260310095629.049
037 |a Acervo ITESO - Biblioteca 
041 |a ESP 
082 |a 860. 92  |b SAE 
100 |a Sáenz, Gerardo  |e (autor) 
245 1 0 |a Luis G. Urbina :  |b vida y obra /  |c G. Sáenz. 
264 4 |a México :  |b Andrea,  |c 1961, c1961 
300 |a 133 p. 
336 |a texto  |b txt  |2 rdacontenido 
337 |a sin mediación  |b n  |2 rdamedio 
338 |a volumen  |b nc  |2 rdasoporte 
440 1 |a (Studium ;  |v 31) 
649 |a XX 
650 |a Escritores Mexicanos -  |x Biografías 
650 |a Literatura Mexicana -  |x Historia y Crítica 
650 |a Literatura Mexicana -  |y Siglo XIX 
650 |a Literatura Mexicana -  |y Siglo XX 
650 |a Urbina, Luis G. -  |x Tema Principal 
910 |a Fondo Salvador Reynoso Reynoso 
920 |a Impresos - Libros 
930 |a Fondos Especiales 
940 |a Literatura 
905 |a 112 
901 |a 0800015210  |b IT2  |c ESP  |u 20250521 
902 |a https://opac.biblio.iteso.mx/vufind/Record/000141858